| 000 | 00998nam a2200217 a 4500 | ||
|---|---|---|---|
| 001 | 000041318 | ||
| 005 | 20201002034801.0 | ||
| 008 | 130930s1994 sp ac 000 0 spa d | ||
| 020 | _a8460618323 | ||
| 040 |
_aDO-SdBNP _bspa _cBNPHU |
||
| 082 |
_axxxx _bxxxx |
||
| 245 | 0 | 0 |
_aEstudio sobre el contenido en flavonoides de la mieles de la alcarria : _bsu aplicación a la caracterización geográfico-botánica / _cFrancisco A. Tomás-Barberán [et. al.] ; prólogo, Carmelo García Romero, Teresa Mendizábal Aracama. |
| 260 |
_aMadrid, España : _bConsejo Superior de Investigaciones Científicas _bConsejería de Agricultura y Medio Ambiente, _c1994. |
||
| 300 |
_a38 p. : _bil., retr. ; _c24 cm. |
||
| 700 | 1 |
_aTomás-Barberán, Francisco A. _967943 |
|
| 700 | 1 |
_aFerreres, Federico _967944 |
|
| 700 | 1 |
_aOrtiz Valbuena, Alberto _967945 |
|
| 700 | 1 |
_aFernández Maeso, María Carmen _967946 |
|
| 700 | 1 |
_aGarcía Romero, Carmelo _eprol. _967947 |
|
| 700 | 1 |
_aMendizábal Aracama, Teresa _eprol. _967948 |
|
| 999 |
_c40808 _d40808 |
||